[Event "URS-ch FL55"]
[Site "Lvov"]
[Date "1987.11.19"]
[Round "10"]
[White "Chernin, Alexander"]
[Black "Kaidanov, Gregory S"]
[Result "1-0"]
[WhiteElo "2580"]
[BlackElo "2325"]
[Annotator "Gurevich,M"]
[PlyCount "81"]
[EventDate "1987.11.??"]
[EventType "tourn"]
[EventRounds "17"]
[EventCountry "URS"]
[EventCategory "10"]
[SourceTitle "EXT 2018"]
[Source "ChessBase"]
[SourceDate "2017.10.13"]
[SourceVersion "1"]
[SourceVersionDate "2017.10.13"]
[SourceQuality "1"]

1. d4 d5 2. Nf3 Nf6 3. c4 e6 4. Nc3 c6 5. e3 Nbd7 6. Bd3 dxc4 7. Bxc4 b5 8. Bd3
Bb7 9. e4 b4 10. Na4 c5 11. e5 Nd5 12. O-O cxd4 13. Nxd4 Nc7 14. Qe2 Be7 15.
Rd1 O-O 16. Bf4 Nd5 17. Bg3 $14 N7b6 (17... Qa5 18. Nb3 Qxa4 19. Bb5 Ba6 20.
Bxa6 $16) (17... a6 {/\ Qa5} 18. Nxe6 $1 fxe6 19. Qh5 g6 (19... h6 20. Qg6) 20.
Bxg6 hxg6 21. Qxg6+ Kh8 22. Qh6+ Kg8 23. Rd4 $40) 18. Nxb6 Qxb6 19. Nb5 $1 Ba6
20. Qe4 $1 g6 (20... f5 21. exf6 Nxf6 22. Qe2 $16) 21. Nd6 Bxd3 22. Rxd3 Bxd6
23. exd6 $16 Rac8 24. Re1 Qb5 25. Rd4 Qd7 26. h4 Rfe8 {/\ f6} 27. h5 $1 Nf6 28.
Qh4 Nxh5 29. Be5 Rc6 (29... Rc5 30. Rxb4 $16) 30. g4 f6 $8 31. gxh5 fxe5 32.
Rg4 Rxd6 (32... Qd8 33. Rg5 $1 $40) 33. hxg6 h5 34. Qxh5 Qg7 (34... Rd1 35.
Qh7+ $18) 35. Rxb4 Rf8 36. Rb3 (36. Rxe5 $18) 36... Rd2 37. Re2 $1 Rxe2 38.
Qxe2 Qf6 39. Re3 Rc8 (39... Kg7 $142) 40. Qh5 Rc1+ 41. Kg2 (41. Kg2 Qh8 $8 42.
Qxh8+ Kxh8 43. Rxe5 Rc6 44. Rh5+ Kg8 45. Rh7 $18) 1-0

[Event "Ostend op"]
[Site "Ostend"]
[Date "1991.??.??"]
[Round "9"]
[White "Piket, Jeroen"]
[Black "Gurevich, Mikhail"]
[Result "0-1"]
[WhiteElo "2590"]
[BlackElo "2630"]
[Annotator "Gurevich,M"]
[PlyCount "90"]
[EventDate "1991.09.??"]
[EventType "swiss"]
[EventRounds "9"]
[EventCountry "BEL"]
[SourceTitle "CBM 027"]
[Source "ChessBase"]
[SourceDate "1992.04.01"]
[SourceVersion "1"]
[SourceVersionDate "1992.04.01"]
[SourceQuality "1"]

1. Nf3 Nf6 2. d4 e6 3. c4 d5 4. Nc3 c6 5. e3 Nbd7 6. Bd3 dxc4 7. Bxc4 b5 8. Bd3
Bb7 9. e4 b4 10. Na4 c5 11. e5 Nd5 12. O-O cxd4 13. Nxd4 Nxe5 14. Bb5+ Nd7 15.
Nc6 Qc7 16. Qxd5 exd5 (16... Bd6 $5 {Christiansen,L-Bareev,E Biel 1991}) 17.
Re1+ Be7 18. Nxe7 Kd8 (18... Kf8 $2 19. Bd2 f6 (19... a5 20. Rac1 Qxc1 (20...
Qd8 21. Bxd7 Qxd7 22. Nb6 Qxe7 23. Rxe7 Kxe7 24. Nxa8 Bxa8 25. Rc5 $14) 21.
Bxc1 Re8 22. Bf4 $18) 20. Rac1 Qd8 21. Bxb4 Kf7 22. Nf5 $16) 19. Bd2 (19. Bg5
f6 20. Rac1 fxg5 21. Rxc7 Kxc7 22. Bxd7 Kxd7 23. Nc5+ Kc7 24. Ne6+ Kb6 $15)
19... Qa5 (19... Qd6 20. Nf5 Qf6 (20... Qf8 21. a3 bxa3 22. bxa3 {/\23.Bb4})
21. Bxd7 Kxd7 22. Nc5+ Kc6 23. Rac1 $40) 20. Bc6 Re8 (20... Qa6 $2 21. Bxd7 $18
) 21. Bxb7 Rxe7 22. Rxe7 Kxe7 23. Bxa8 (23. Re1+ Kf6 (23... Kf8 24. Bxa8 Qxa4
25. Bxd5 Qb5 26. Bc6 $1 Qxc6 27. Bxb4+ Nc5 28. Rc1 $13) 24. Nc3 Nb6 25. a3 bxc3
26. Bxc3+ Qxc3 27. bxc3 Rd8 $17 {/\Rd8-d7-c7}) 23... Qxa4 24. Bxd5 Qb5 25. Re1+
Kf6 26. Be4 Nc5 27. Bf3 (27. Bxh7 $2 g6 28. Bh6 Nd3 $19 {/\29...Qh5}) 27... a5
28. Be2 $6 (28. Be3 $1 Ne6 29. b3 Qe5 30. g3 Qb2 31. Re2 $10) 28... Qa4 $15 29.
Be3 Ne6 30. Bc4 Qc2 31. Bxe6 $6 {[#]} (31. Bb3 Qxb2 32. g3 $15) 31... Kxe6 $1
$17 (31... fxe6 32. Bd4+ Kf7 33. Be5 Qc4 34. a3 $10) 32. a3 (32. Bd4+ Kf5 33.
Bxg7 f6 $17) (32. Bb6+ Kd7 33. Bxa5 Qxb2 $17 {/\34...Qa3}) 32... Kd5 33. axb4
axb4 34. Bc1 Kc4 35. h4 Kb3 36. g3 Qc6 {/\37...Kc2,Qc6-a6-a1-c1} 37. h5 $6 h6
38. Bf4 Qd5 $1 (38... Kxb2 $6 39. Be5+ Kc2 40. Bxg7 b3 41. Re2+ $13 Kd3 42. Rb2
) 39. Bc1 Kc2 40. Bf4 Qxh5 (40... f6 41. Re7 $132) 41. Re4 Qb5 42. b3 Kxb3 43.
Bd6 f5 $1 $19 44. Re3+ Kc4 (44... Kc2 $2 45. Bf8 b3 46. Bxg7 b2 47. Bxb2 Kxb2
48. Rf3 $15) 45. Bf8 Qd7 $1 {46.Re7 Qd8 47.Rf7 Qd1 48.Kh2 Qh5} 0-1

[Event "FRA-chT"]
[Site "France"]
[Date "1999.??.??"]
[Round "4"]
[White "Pinter, Jozsef"]
[Black "Gurevich, Mikhail"]
[Result "0-1"]
[WhiteElo "2581"]
[BlackElo "2629"]
[Annotator "Gurevich,M"]
[PlyCount "124"]
[EventDate "1999.02.??"]
[EventType "team"]
[EventRounds "11"]
[EventCountry "FRA"]
[SourceTitle "CBM 070"]
[Source "ChessBase"]
[SourceDate "1999.06.08"]
[SourceVersion "1"]
[SourceVersionDate "1999.06.08"]
[SourceQuality "1"]

1. d4 d5 2. c4 c6 3. e3 Nf6 4. Nc3 e6 5. Nf3 Nbd7 6. Bd3 dxc4 7. Bxc4 b5 8. Bd3
Bb7 9. a3 b4 10. axb4 Bxb4 11. O-O c5 12. Na2 a5 13. Nxb4 axb4 14. Rxa8 Qxa8
15. dxc5 O-O 16. Be2 (16. Bd2 Nxc5 17. Bxb4 Nxd3 18. Bxf8 Bxf3 19. gxf3 Ne5 20.
Kg2 Qxf8 $15 {0-1 Karpeshov,O-Galkin,A/St.Petersburg 1997/CBM 61 ext (40)})
16... Nxc5 17. Qd4 Nb3 $5 {TN} (17... Ba6 18. Bxa6 Nxa6 19. Bd2 Rd8 20. Qc4 Ne4
21. Bxb4 Rc8 22. Qd4 Rd8 23. Qc4 Rc8 24. Qd4 {1/2-1/2 Savchenko,S-Shirov,A/
Tbilisi 1989/CBM 12 (24)}) 18. Qxb4 Bd5 19. e4 (19. Bd2 Rb8 20. Qc3 (20. Qe7
Nxd2 21. Nxd2 Rxb2 $15) 20... Ne4 21. Qc2 Nexd2 22. Nxd2 Rc8 $17) (19. Rd1 Rb8
$44) 19... Nxc1 (19... Nxe4 20. Bf4 Qa2 21. Be5 $13) 20. Rxc1 Bxe4 21. Qa3 Qb7
(21... h6 $5 22. Qxa8 Rxa8 23. b4 Ra2 $132) 22. b4 Ra8 23. Qb3 Bd5 (23... Nd5
24. b5 Nf4 25. Qe3 Nxe2+ 26. Qxe2 Bxf3 27. Qxf3 $11) 24. Qb1 h6 25. b5 Qb6 {
[/\27...Ne4<=>>>]} 26. Qd3 Ne4 27. Qd4 Qxd4 28. Nxd4 Ra2 $132 29. f3 (29. b6
Rb2 $15) 29... Nd6 30. Bf1 (30. Rc2 $142 Ra1+ 31. Kf2 Rb1 $13) 30... Rb2 31.
Rc7 g6 $5 32. Rc5 (32. Rd7 Nf5 33. Nxf5 gxf5 $15 {(/\Kg8-f6, h6-h5-h4)}) 32...
Kg7 33. Nc2 $6 {[/\34.Ne3]} Rb3 $138 (33... Bc4 $5 34. Na3 (34. Bxc4 Rxc2 35.
b6 Kf6 $1 $17) 34... Bxf1 35. Kxf1 Rb3 36. Rc6 Nxb5 37. Nxb5 Rxb5 $15) 34. Nd4
Rb2 35. Nc2 Rb3 36. Nd4 Rb1 $5 37. Kf2 Kf6 {[/\g6-g5, h6-h5-h4 |^>>]} 38. Be2
h5 (38... g5 $5) 39. Bd3 (39. h4 $1 Rb4 40. Ke3 Nf5+ 41. Nxf5 gxf5 42. g3 $11)
39... Rb2+ 40. Ne2 h4 41. h3 $2 (41. g3 g5 $15) 41... g5 42. Ke3 Ke5 $15 43.
Rc2 (43. f4+ gxf4+ 44. Nxf4 Rb3 $17) 43... Rxc2 44. Bxc2 Nxb5 $17 45. Nc1 Bc4
$1 46. Bb3 (46. Nd3+ Bxd3 47. Bxd3 Nc3 $19) 46... Nd6 47. Bxc4 Nxc4+ 48. Kd3
Nb6 $1 {[/\Nb6-d5-f4]} 49. Ke2 Nd5 50. Nb3 Nf4+ 51. Kf2 Kd5 {[/\f7-f5,
e6-e5-e4]} 52. g3 $2 (52. Na1 $17) 52... Nh5 $1 (52... Nxh3+ $2 53. Kg2 $11)
53. gxh4 gxh4 $19 54. Nd2 f5 55. Ke3 e5 56. Nb1 Nf4 57. Nc3+ Ke6 58. Na4 Nxh3
59. Nc5+ Kd5 60. Nd7 Kd6 61. Nf8 Nf4 62. Kf2 Ke7 (62... Ke7 63. Nh7 Kf7 64. Kf1
Kg7 65. Ng5 Kg6 $19) 0-1

[Event "Cappelle op 15th"]
[Site "Cappelle la Grande"]
[Date "1999.02.20"]
[Round "9"]
[White "Volzhin, Alexander"]
[Black "Gurevich, Mikhail"]
[Result "0-1"]
[WhiteElo "2543"]
[BlackElo "2629"]
[Annotator "Gurevich,M/Winants"]
[PlyCount "50"]
[EventDate "1999.02.13"]
[EventType "swiss"]
[EventRounds "9"]
[EventCountry "FRA"]
[SourceTitle "CBM 070"]
[Source "ChessBase"]
[SourceDate "1999.06.08"]
[SourceVersion "1"]
[SourceVersionDate "1999.06.08"]
[SourceQuality "1"]

1. d4 d5 2. Nf3 c6 3. c4 Nf6 4. Nc3 e6 5. e3 Nbd7 6. Bd3 dxc4 7. Bxc4 b5 8. Bd3
Bb7 9. e4 (9. O-O b4 (9... a6 10. e4 c5 11. d5) 10. Ne4 Be7 11. Nxf6+ Nxf6 12.
e4 O-O 13. Qe2 (13. e5)) 9... b4 10. Na4 c5 11. e5 Nd5 12. O-O cxd4 13. Re1
N5b6 14. Nxd4 Nxa4 15. Qxa4 (15. Nxe6 Qb6 (15... fxe6 16. Qh5+ Ke7 17. Bg5+ Nf6
18. exf6+ gxf6 19. Bxf6+ Kxf6 20. Qe5+ Kf7 21. Qxe6+ Kg7 22. Qg4+ Kf7 (22...
Kf6 23. Re6+ Kf7 24. Bg6+) 23. Bc4+ Bd5 24. Qf5+ Kg7 25. Bxd5) 16. Nxf8 Ndc5
17. Nd7 (17. Nxh7 Qc6) 17... Qc6 18. Nf6+) 15... Bc5 16. Bb5 (16. Nb3 O-O 17.
Qb5) (16. Be3 O-O 17. Rad1) 16... O-O (16... Bxd4 17. Bxd7+ Qxd7 18. Qxd7+ Kxd7
19. Rd1) 17. Nc6 (17. Bxd7 Bxd4 18. Bc6 Bxf2+ (18... Qb6)) (17. Nc6) 17...
Bxf2+ 18. Kxf2 Qh4+ 19. Kf1 (19. Ke2 a6 20. Ne7+ (20. Bd3 Rac8 21. Nxb4 Nxe5)
20... Qxe7 21. Bxd7 Qh4 22. Be3 (22. Bc6 Qc4+) (22. Qc2 Rfd8 23. Rd1 Qxh2) (22.
Bd2 Qg4+ 23. Kd3 Rfd8 24. Bxb4 (24. Kc2 Be4+ 25. Kb3 Bd5+ 26. Kc2 Ra7 27. Bc6
Rc7) 24... Qg6+ 25. Kd2 Rac8) 22... Qg4+ 23. Kd3 (23. Kd2 Qxg2+ 24. Re2 Qd5+
25. Kc2 Rac8+) 23... Qe4+ 24. Kd2 Rfd8) 19... f6 20. Re2 (20. Ne7+ Kh8 21. Bxd7
fxe5+ 22. Ke2 Rf2+ 23. Kd3 Qd4#) (20. Be3 Qxh2) 20... Qxh2 (20... fxe5+ 21. Kg1
) 21. Rf2 (21. Qxb4 fxe5+ 22. Ke1 Bxc6 23. Bxc6 Rad8) 21... fxe5 22. Be3 (22.
Ne7+ Kh8 23. Bxd7 Qxg2+) 22... Rxf2+ 23. Bxf2 (23. Kxf2 Rf8+ 24. Ke2 Qxg2+ 25.
Kd3 e4+ (25... Qxb2) 26. Kc4 (26. Kd4 Qxb2+) 26... Qe2+ 27. Kxb4 Qxb2+) 23...
Qh1+ 24. Ke2 Qxa1 25. Qxb4 (25. Ne7+ Kf7 26. Qxb4 (26. Bxd7 Qxb2+ 27. Kf1 Kxe7
28. Bc5+ Kd8) 26... Nf6) 25... Bxc6 (25... Bxc6 26. Bxc6 Rb8 27. Bb7 Qxa2) 0-1

[Event "Douglas IoM op"]
[Site "Douglas"]
[Date "2018.10.23"]
[Round "4"]
[White "Wojtaszek, Radoslaw"]
[Black "Vaibhav, Suri"]
[Result "1-0"]
[WhiteElo "2727"]
[BlackElo "2597"]
[Annotator "Gutman,L"]
[PlyCount "99"]
[EventDate "2018.10.20"]
[EventType "swiss"]
[EventRounds "9"]
[EventCountry "IOM"]
[SourceTitle "EXT 2020"]
[Source "ChessBase"]
[SourceDate "2019.10.17"]
[SourceVersion "1"]
[SourceVersionDate "2019.10.17"]
[SourceQuality "1"]

{[%evp 0,99,20,27,20,6,30,24,28,11,21,45,35,52,55,51,69,71,73,53,53,47,66,20,
37,18,53,40,69,52,52,42,35,21,27,23,30,22,40,3,23,18,93,98,100,105,98,66,81,72,
90,82,104,105,112,86,112,93,114,106,120,101,192,101,111,117,111,82,105,63,110,
102,120,120,113,128,128,133,148,169,169,175,175,240,240,248,217,178,179,161,
158,187,125,158,143,146,191,151,420,438,473,492]} 1. d4 d5 2. c4 c6 3. Nf3 Nf6
4. Nc3 e6 5. e3 Nbd7 6. Bd3 dxc4 7. Bxc4 b5 8. Bd3 b4 9. Ne4 Nxe4 10. Bxe4 Bb7
{Eine theoretisch wichtige Variante.} 11. Nd2 $5 ({Wojtaczek hat für diese
Partie eine Idee aus seinem Sekundanten-Koffer ausgegraben. In der Partie
Riazantsev-Duda, FRA chT 2018, folgte} 11. O-O Rc8 12. b3 Be7 13. Bb2 Nf6 14.
Bd3 O-O 15. Qe2 c5 16. Ba6 Bxa6 17. Qxa6 Qb6 {remis.}) 11... Qc7 12. b3 c5 13.
Bb2 $5 ({Wenig versprach} 13. Qf3 Bxe4 14. Nxe4 Rd8 15. O-O c4 16. bxc4 Qxc4
$11 {Eljanov-Ponomariov, Lvov 2014}) 13... Bxe4 ({Natürlicher erscheint} 13...
Be7 14. Rc1 O-O 15. O-O Rac8 {, doch nach} 16. dxc5 Nxc5 (16... Ba6 17. Nc4 $14
) 17. Qg4 f6 18. Rfd1 Rf7 19. Bxb7 Qxb7 20. Bd4 Qa6 21. Rc2 Rff8 22. h4 $14 {
behält Weiß mehr vom Spiel}) 14. Nxe4 c4 15. bxc4 Qxc4 16. Nd2 ({Auf} 16. Qe2
{käme} Qd5 17. f3 a5 18. O-O Be7 $15) 16... Qb5 $5 ({Auch} 16... Qd5 17. O-O
Be7 18. e4 Qb5 {kommt in Betracht, doch nach} 19. d5 O-O 20. Nf3 $5 (20. dxe6
fxe6 21. Qg4 Rf7 22. Nf3 Bf6 23. e5 Nxe5 24. Bxe5 Bxe5 25. Nxe5 Qxe5 26. Qxb4
Rb8 $11) 20... exd5 21. Bxg7 Kxg7 22. Nd4 Qb7 23. Nf5+ Kh8 24. Nxe7 dxe4 25.
Qd4+ f6 26. Rad1 Ne5 27. Nd5 Rae8 28. Qxe4 $14 {gefällt die weiße Stellung
etwas besser.}) 17. Qe2 Qxe2+ $6 ({Die kritische Erwiderung ist} 17... a6 $5 {
, doch ohne Vorbereitung ist dafür sich schwer zu entscheiden.} 18. a4 $5 (18.
a3 Be7 19. axb4 O-O (19... Qxb4 20. Ra2 Rc8 21. Qd3 Nb6 22. O-O Qb5 $11) 20.
Qxb5 axb5 21. Ke2 Bxb4 $11) 18... Qb7 (18... Qxe2+ 19. Kxe2 Bd6 20. Rhc1 Ke7
21. Rc6 Rhc8 22. Rac1 Rxc6 23. Rxc6 $14) 19. O-O Be7 20. d5 $5 (20. e4 O-O 21.
Nb3 Rfc8 $11) 20... Qxd5 21. e4 Qg5 22. Nf3 Qh5 23. Rfc1 (23. Rac1 O-O 24. Rc7
Bd6 $5 25. Rxd7 Bxh2+ 26. Kh1 Bf4+ 27. Kg1 Bh2+ $11) 23... Nf6 24. Rc7 Bd6 25.
Qc2 (25. Rc2 Be7 $11) 25... O-O (25... Bxc7 26. Qc6+ Ke7 27. Qxc7+ Kf8 28. Rd1
h6 29. Qc6 Re8 30. Be5 $14) 26. Rc4 Be7 27. h3 Rfd8 28. Ne5 a5 29. Nc6 Rd7 $11)
18. Kxe2 Nb6 19. a3 Kd7 20. Rhb1 $5 ({Nach} 20. axb4 Bxb4 21. Rhc1 a5 22. Ba3
Rhb8 23. e4 Bxd2 24. Kxd2 Nc8 $11 {kann Schwarz sich behaupten.}) 20... bxa3 $2
({Dies ist bereits eine große Zugeständnis. Hartnäckiger wäre} 20... a5 21.
axb4 Bxb4 22. Ba3 Nd5 23. Bxb4 axb4 24. Kd3 $14) 21. Bxa3 Bxa3 22. Rxa3 Rhb8
23. g4 ({Logischer erscheint} 23. Rba1 Nc8 24. Ne4 $16) 23... Nc8 24. Nb3 Rb6
25. Rc1 (25. Nc5+ Kd8 26. Rba1 $16) 25... Rab8 26. Nc5+ Kd8 27. Nd3 R8b7 28. h4
h6 29. Nc5 Rb8 30. g5 Rc6 $2 ({Hartnäckiger wäre} 30... hxg5 31. hxg5 Rb1 32.
Rxb1 Rxb1 33. g6 $16) 31. Ra2 $2 ({Weiß verpasst} 31. Nb7+ Kd7 32. Rxc6 Kxc6
33. Nd8+ Kd7 34. gxh6 gxh6 35. Nxf7 $18 {mit Gewinn.}) 31... Ke7 ({Mehr
Widerstand leistete} 31... hxg5 32. hxg5 Ke7 33. f4 Rb5 34. Kf3 Rc7 $14) 32. f4
h5 33. Rac2 ({Stark war das sofortige} 33. g6 $5 f5 34. Rg1 Rcb6 35. Rg5 Rb2+
36. Rxb2 Rxb2+ 37. Kf3 Nd6 38. Rxh5 Kf6 39. Rh8 $16 {doch Woitaszek will etwas
Zeit gewinnen.}) 33... Nd6 34. Ra2 Rc7 35. Rca1 Ra8 36. g6 fxg6 37. Ra6 Nf5 38.
Kd3 Nxh4 39. Nxe6 Rb7 40. Nc5 Rc7 41. Rh1 Nf5 42. Rxg6 Kf7 43. Ra6 g6 44. e4
Ne7 45. e5 ({Auch} 45. Ne6 Rd7 46. Ng5+ Kg7 47. Rha1 $18 {gewinnt.}) 45... Nc6
46. Ke4 Rb8 47. Rc1 Ne7 48. Rca1 (48. Rf6+ Kg8 49. e6 $18) 48... Rb4 49. Rf6+
Kg8 50. Na6 1-0

[Event "Groningen"]
[Site "Groningen"]
[Date "1991.??.??"]
[Round "1"]
[White "Piket, Jeroen"]
[Black "Brenninkmeijer, Joris"]
[Result "1-0"]
[WhiteElo "2590"]
[BlackElo "2525"]
[Annotator "Hansen,Cu"]
[PlyCount "53"]
[EventDate "1991.12.??"]
[EventType "tourn"]
[EventRounds "9"]
[EventCountry "NED"]
[EventCategory "13"]
[SourceTitle "CBM 027"]
[Source "ChessBase"]
[SourceDate "1992.04.01"]
[SourceVersion "1"]
[SourceVersionDate "1992.04.01"]
[SourceQuality "1"]

1. d4 {Ftacnik} d5 2. c4 c6 3. Nc3 Nf6 4. e3 e6 5. Nf3 Nbd7 6. Bd3 dxc4 7. Bxc4
b5 8. Be2 Bb7 9. O-O a6 (9... b4 10. Na4 Be7) 10. e4 c5 11. e5 Nd5 12. a4 b4
13. Ne4 h6 (13... cxd4 14. Bg5 Qa5 (14... Qb8 15. Qxd4 h6 16. Bh4 Qa7 17. Qxa7
Rxa7 18. Bg3 $14 {Seirawan-Cabrilo 1990}) 15. Qxd4 h6 16. Bd2 (16. Bh4 Qb6 17.
Qd2 Nc5 $13 {Khenkin-Sherbakov 1989\Vyzmanavin-Sorokin 1991} (17... Nc5 {
Ftacnik} 18. Nxc5 Bxc5 19. a5 $14 {Vyzhmanavin,A-Sorokin,M/URS-ch58/1991/
->CBM 27})) 16... Rc8 17. Rac1 Nc5 18. Nd6+ Bxd6 19. exd6 O-O 20. Qg4 $14 {
Soffer-Flear Biel 1991}) 14. Nfd2 Be7 15. Nc4 O-O 16. Ncd6 Bxd6 (16... Bc6 17.
Nxc5 Bxd6 18. exd6 Nb8 19. Ne4 a5 20. Re1 Nd7 21. Bd3 $14 {Khenkin-Shabalov
1990}) 17. Nxd6 Bc6 18. a5 $14 cxd4 (18... Qh4 $5) (18... f6 {Ftacnik} 19. Qc2
(19. f4) 19... fxe5 20. dxc5 Nf4 21. Bxf4 exf4 22. Bc4 $16) 19. Qxd4 f6 20. f4
$1 Qc7 21. Bd2 Qa7 (21... Rfb8 {Ftacnik} 22. Rfc1 $16) 22. Qxa7 Rxa7 23. Rfc1
$18 Nb8 (23... Ba8 24. Nc8 $18) 24. Rc4 fxe5 25. fxe5 Bb5 (25... Rd8 {Ftacnik}
26. Rac1 $16) 26. Nxb5 axb5 27. Rc5 {Hansen,C} 1-0

[Event "DEN-ch playoff"]
[Site "Tonder"]
[Date "1993.??.??"]
[Round "3"]
[White "Hansen, Lars Bo"]
[Black "Rasmussen, Karsten"]
[Result "0-1"]
[WhiteElo "2545"]
[BlackElo "2440"]
[Annotator "Hansen,LB"]
[PlyCount "82"]
[EventDate "1993.05.??"]
[EventType "match"]
[EventRounds "4"]
[EventCountry "DEN"]
[SourceTitle "CBM 036"]
[Source "ChessBase"]
[SourceDate "1993.10.01"]
[SourceVersion "1"]
[SourceVersionDate "1993.10.01"]
[SourceQuality "1"]

1. d4 d5 2. c4 c6 3. Nc3 Nf6 4. e3 e6 5. Nf3 Nbd7 6. Bd3 dxc4 7. Bxc4 b5 8. Bd3
Bb7 9. e4 b4 10. Na4 c5 11. e5 Nd5 12. O-O h6 $6 13. Qe2 $5 Bc6 14. Nxc5 Nxc5
15. dxc5 Bxc5 16. Bd2 Qb6 17. Rac1 Rc8 $1 (17... Ke7 {Dorfman,I-Horvath,C/})
18. Bc4 $5 (18. Rc2 Ke7 19. Rfc1 Bb7) 18... O-O $1 19. Ne1 Bd4 20. Nd3 a5 21.
Qg4 Kh7 22. Qe4+ Kg8 23. Qg4 Kh7 24. a3 $5 bxa3 25. bxa3 Ne7 $1 26. Bxa5 $4 (
26. Ba2 {/\ Bb1}) 26... Bxf2+ 27. Rxf2 Qxa5 28. Rcf1 Nf5 $1 29. Rxf5 exf5 30.
Qxf5+ g6 31. Qg4 Bd5 $1 $19 32. Bxd5 Qxd5 33. Qe2 Rc3 34. Nf2 Qc5 35. Kh1 Qc4
36. Qxc4 Rxc4 37. h3 Kg7 38. Ng4 Re8 39. Re1 Rc5 40. Ra1 h5 41. Nf6 Rec8 0-1

[Event "Women-Veterans"]
[Site "Aruba"]
[Date "1992.??.??"]
[Round "2"]
[White "Polugaevsky, Lev"]
[Black "Arakhamia Grant, Ketevan"]
[Result "1-0"]
[WhiteElo "2640"]
[BlackElo "2435"]
[Annotator "Hansen,LB"]
[PlyCount "83"]
[EventDate "1992.08.??"]
[EventType "schev"]
[EventRounds "6"]
[EventCountry "NAU"]
[SourceTitle "CBM 033"]
[Source "ChessBase"]
[SourceDate "1993.04.01"]
[SourceVersion "1"]
[SourceVersionDate "1993.04.01"]
[SourceQuality "1"]

1. Nf3 Nf6 2. c4 c6 3. d4 d5 4. Nc3 e6 5. e3 Nbd7 6. Bd3 dxc4 7. Bxc4 b5 8. Be2
a6 9. e4 b4 10. e5 bxc3 11. exf6 Nxf6 12. bxc3 Bd6 13. Nd2 $1 $146 (13. O-O O-O
14. c4 c5 15. Ba3 Qa5 $1 16. Bxc5 Bxc5 17. dxc5 Rd8 18. Qb3 Qxc5 $15 {Seirawan,
Y-Kramnik,V/Manila olm/1992/}) 13... O-O 14. Nc4 Be7 (14... Nd5 $5 15. Nxd6
Qxd6 16. Qd2 a5 17. O-O Rd8 18. Rb1 Ba6 19. Bxa6 Rxa6 20. Qd3 Ra7 21. Rd1 h6
22. c4 Ne7 23. Ba3 Qf4 24. Qe3 $14 {Hansen,LB-Mueller,M/Groningen op/1992/})
15. Bf3 Nd5 (15... Bb7 $5 $146 16. Rb1 Ra7 $1 17. Ne5 Qc8 18. O-O c5 19. Ba3
Bxf3 20. Qxf3 Rc7 21. Rfd1 cxd4 22. Bxe7 Rxe7 23. Rxd4 $1 Rc7 24. c4 $14 {
Hansen,LB-Bagirov,V/Debrecen EU-chT /1992/}) 16. Ne5 $1 Qb6 (16... Nxc3 $2 17.
Qb3 Qxd4 18. Nxc6 $18) 17. Bd2 f6 18. Nc4 Qc7 19. O-O c5 20. Qe2 Rb8 21. Rfe1
$14 {X e6} Re8 22. g3 Qd7 23. Rac1 Bf8 24. Be4 $1 {X /^b1-h7} Bb7 25. Na5 Ba8
26. dxc5 $1 Bxc5 27. Nb3 Ba3 28. Rcd1 Qa4 29. c4 $16 Nb6 30. Bxa8 Rxa8 31. Be3
Rab8 32. Bxb6 $1 Rxb6 33. c5 Rc6 $6 {X Qa4;Ba3} 34. Rd4 Qb5 35. Rc4 Rcc8 36.
Nd4 Qd7 37. Nb3 Qb5 38. Qc2 $1 e5 39. Rb1 a5 $2 (39... Qc6 40. Qc3 {/\Qa5+-
XBa3}) 40. Nd4 Qd7 41. Nb5 $18 Bb4 42. Nd6 1-0

[Event "EU-chT (Men) 10th"]
[Site "Debrecen"]
[Date "1992.11.??"]
[Round "7.1"]
[White "Hansen, Lars Bo"]
[Black "Bagirov, Vladimir"]
[Result "1-0"]
[WhiteElo "2535"]
[BlackElo "2500"]
[Annotator "Hansen,LB"]
[PlyCount "161"]
[EventDate "1992.11.20"]
[EventType "team-swiss"]
[EventRounds "9"]
[EventCountry "HUN"]
[SourceTitle "EU-chT"]
[Source "ChessBase"]
[SourceDate "1999.07.01"]
[SourceVersion "2"]
[SourceVersionDate "1999.07.01"]
[SourceQuality "1"]
[WhiteTeam "Denmark"]
[BlackTeam "Latvia"]
[WhiteTeamCountry "DEN"]
[BlackTeamCountry "LAT"]

1. d4 d5 2. c4 c6 3. Nc3 Nf6 4. e3 e6 5. Nf3 Nbd7 6. Bd3 dxc4 7. Bxc4 b5 8. Be2
a6 9. e4 b4 10. e5 bxc3 11. exf6 Nxf6 12. bxc3 Bd6 13. Nd2 O-O 14. Nc4 Be7 15.
Bf3 Bb7 (15... Bd7) 16. Rb1 (16. O-O Nd5 {/\ c5=}) (16. Ne5 Qc7 $10) 16... Ra7
17. Ne5 (17. Bg5 $6 Nd5 18. Bxe7 Qxe7 19. Qd2 c5 20. O-O $10 (20. Na5 $6 cxd4
$1 21. Qxd4 Ba8 $15)) 17... Qc8 (17... Qc7 18. Bf4 $1 Bd6 (18... Nd5 $2 19.
Bxd5 cxd5 (19... exd5 20. Ng6 Bd6 21. Bxd6 Re8+ 22. Ne7+) 20. Ng6 Qxc3+ 21. Bd2
$16) (18... Qc8 19. O-O c5 20. dxc5 $1 $14) 19. Bg3 c5 20. O-O $14 {צa7}) 18.
O-O c5 19. Ba3 Bxf3 (19... cxd4 $2 20. Qxd4 $18) 20. Qxf3 Rc7 (20... cxd4 21.
Nc6 Bxa3 22. Nxa7 Qxc3 23. Nc6 {/\ Nd4} Bd6 (23... Bc5 $2 24. Rfc1 Qxf3 25.
gxf3 $16) (23... Qxf3 24. gxf3 $14) 24. Rbd1 $5 (24. Rfd1 Nd5 $5 25. Nxd4 Qxf3
26. Nxf3 Nc3 27. Rxd6 Nxb1 28. Rxa6 $14 {o^a}) 24... Qxf3 25. gxf3 e5 26. f4
$14) 21. Rfd1 cxd4 (21... Rd8 22. dxc5 Rxd1+ 23. Rxd1 Bxc5 24. c4 $1 $14) 22.
Bxe7 Rxe7 23. Rxd4 Rc7 24. c4 Rc5 25. Qe2 Qc7 26. f4 h6 27. Kh1 Rd8 28. Rbd1
Rxd4 29. Rxd4 Qa5 30. h3 Rc8 31. Kh2 Qc3 32. Qd1 Qa5 (32... Qe3 $6 33. Rd8+
Rxd8 34. Qxd8+ Kh7 35. Qd3+ Qxd3 36. Nxd3 $16 {o^c, עh7}) 33. Qe2 Qc3 34. Qd1
Qa5 35. Qb3 (35. Qd3 $6 Qxa2 36. Rd8+ Rxd8 37. Qxd8+ Kh7 38. Nxf7 Qf2 $1 $13)
35... Qc7 (35... Qc5 36. Qd3 Qb6 $14) 36. Qa3 a5 37. Qd3 (37. Rd6 $1 Qe7 38.
Qd3 $16) 37... Qb6 38. Qd2 g6 39. Qd3 (39. Rd6 $1 Ne4 40. Rxb6 Nxd2 41. Rb7 $1
$36 {_|_}) 39... Kg7 40. Qd2 Rb8 41. Rd6 Qc5 (41... Qb4) 42. Rd7 Nxd7 43. Nxd7
Qb4 (43... Qc7 44. Qc3+ $1 (44. Qd4+ $2 e5 $1) (44. Nxb8 $6 Qxb8 45. Qd4+ f6 $1
$14) 44... Kg8 $8 45. Nxb8 Qxb8 (45... Qxf4+ $2 46. Qg3) 46. Qe5 $16) 44. Qd4+
Kg8 45. Nxb8 Qxb8 46. c5 (46. Qe5) 46... Qc7 47. Qe5 Qc6 48. Qb8+ Kg7 (48...
Kh7 $2 49. Qa7 $18) 49. Qb6 Qa4 50. Qd6 (50. Qb2+ Kf8 $5 (50... Kh7 51. Qc1 $16
)) 50... Qxa2 51. Qd4+ e5 (51... Kh7 52. c6 Qc2 $8 53. Qd7 Qf5 $1 $8 54. Qd6 (
54. c7 Qxf4+ $10) 54... Qc2 $8 55. c7 Qc4 $1 $8 {=}) 52. Qxe5+ (52. fxe5 $6 Qe6
53. Qd6 $4 Qxd6 54. exd6 Kf8 55. c6 Ke8 56. d7+ Ke7 $19) 52... Kh7 53. Qc3 (53.
Qe4 $5 Qb3 54. f5 $1 $16) 53... Qa4 54. Kg3 g5 (54... Qb4 $1 55. Qc1 (55. Qc2
$2 a4 56. c6 Qb3+ $10) 55... Qb3+ $1 56. Kh2 Qb7 57. c6 Qc7 58. Qc4 Kg8 59. Kg3
$16) 55. fxg5 hxg5 56. Kh2 Qf4+ (56... Qb4 57. Qc2+ Kg7 58. c6 Qf4+ 59. g3 Qc7
$18 {- 56... Qf4}) 57. Kg1 Qb4 58. Qc2+ Kg7 59. c6 Qe1+ 60. Kh2 Qe5+ 61. g3 Qc7
62. Kg2 f5 63. h4 gxh4 64. gxh4 Kg6 65. Kf3 Kf6 66. Qc3+ Kg6 67. Qc4 (67. Qc1
$1) 67... Kf6 68. Kg2 Qg7+ 69. Kf3 Qc7 70. Qc3+ Kg6 71. Qc1 Kh7 (71... Kf6 $2
72. Qh6+ $18) 72. Qc4 Kg7 (72... Kg6 73. Qe6+ $18) 73. h5 a4 (73... Kf6 74. h6
Kg6 75. h7 $1 Qxh7 (75... Kxh7 76. Qh4+ Kg6 77. Qg3+ $18) 76. c7 Qh3+ 77. Ke2
Qg2+ 78. Kd1 Qh1+ 79. Kc2 Qg2+ $8 {/\ 80. Kb3 Qb7} 80. Kc3 $1 Qf3+ $8 81. Kd4
$18) 74. Qxa4 Qh2 75. Qd4+ Kf7 76. Qc4+ Kf6 77. Qd4+ Ke6 78. Qc4+ Kf6 79. c7
Qh1+ (79... Qxh5+ 80. Kg2 Qg5+ 81. Kf1 $18) 80. Kf2 Qh2+ 81. Ke1 1-0